Microsoft Office Excel 2003 programming inside out / (Record no. 533)
[ view plain ]
| 000 -LEADER | |
|---|---|
| fixed length control field | 01447nac a22002771u 4500 |
| 010 ## - LIBRARY OF CONGRESS CONTROL NUMBER | |
| LC control number | 2003064850 |
| 020 ## - INTERNATIONAL STANDARD BOOK NUMBER | |
| International Standard Book Number | 0735619859 |
| 082 00 - DEWEY DECIMAL CLASSIFICATION NUMBER | |
| Classification number | 005.54 |
| Item number | F9481 |
| 090 ## - LOCALLY ASSIGNED LC-TYPE CALL NUMBER (OCLC); LOCAL CALL NUMBER (OCLC) | |
| -- | 533 |
| -- | 533 |
| 100 ## - MAIN ENTRY--PERSONAL NAME | |
| Personal name | Frye, Curtis, |
| 245 10 - TITLE STATEMENT | |
| Title | Microsoft Office Excel 2003 programming inside out / |
| Statement of responsibility, etc | Curtis Frye, Wayne Freeze, Felicia Buckingham. |
| 246 30 - VARYING FORM OF TITLE | |
| Title proper/short title | Excel 2003 programming inside out |
| 260 ## - PUBLICATION, DISTRIBUTION, ETC. (IMPRINT) | |
| Place of publication, distribution, etc | Redmond, Wash. : |
| Name of publisher, distributor, etc | Microsoft Press,2004 |
| Date of publication, distribution, etc | 2004. |
| 300 ## - PHYSICAL DESCRIPTION | |
| Extent | xxvi, 594 p. : |
| Other physical details | ill. ; |
| Dimensions | 24 cm. + |
| Accompanying material | 1 CD-ROM (4 3/4 in.) |
| 500 ## - GENERAL NOTE | |
| General note | CD-ROM includes complete ebook in PDF format, catalog of Excel resources with links to third-party tools and demos, Microsoft resources and demos, and free Microsoft comptuer dictionary, 5th ed. |
| 500 ## - GENERAL NOTE | |
| General note | Includes index. |
| 538 ## - SYSTEM DETAILS NOTE | |
| System details note | System requirements: Pentium 266-MHz or higher processor; Microsoft Windows XP or later or Windows 2000 Professional with Service Pack 3 or later. |
| 650 #0 - SUBJECT ADDED ENTRY--TOPICAL TERM | |
| Topical term or geographic name as entry element | Business |
| General subdivision | Computer programs. |
| 650 #0 - SUBJECT ADDED ENTRY--TOPICAL TERM | |
| Topical term or geographic name as entry element | Electronic spreadsheets. |
| 700 1# - ADDED ENTRY--PERSONAL NAME | |
| Personal name | Freeze, Wayne S. |
| 700 1# - ADDED ENTRY--PERSONAL NAME | |
| Personal name | Buckingham, Felicia. |
| 740 02 - ADDED ENTRY--UNCONTROLLED RELATED/ANALYTICAL TITLE | |
| Uncontrolled related/analytical title | Microsoft computer dictionary. |
| 942 ## - ADDED ENTRY ELEMENTS (KOHA) | |
| Item type | Book - Borrowing |
| Call number prefix | 005.54F9481 |
| Withdrawn status | Item status | Damaged status | Not for loan | Home library | Current library | Shelving location | Date acquired | Source of acquisition | Total Checkouts | Full call number | Barcode | Date last seen | Koha item type | Source of classification or shelving scheme | Vendor |
|---|---|---|---|---|---|---|---|---|---|---|---|---|---|---|---|
| Central Library | Central Library | Lower Floor | 17/07/2006 | Purchase | 2 | 005.54 FRY | 000004086 | 15/07/2025 | Book - Borrowing | ||||||
| Central Library | Central Library | Lower Floor | 24/04/2012 | 005.54 FRY | 000026668 | 24/08/2022 | CD | DVD - With book | Dewey Decimal Classification |